1311 1930 1332 1261 1355 1169 1654 1436 1709 1160 1479 1399 1576 1620 1991 1420 1928 1119 1956 1264 1699 1884 1443 1644 1906 1183 1756 1907 1481 1109 1367 1773 1880 1554 1272 1146 1252 1323 1349 1847 1772 1640 1613 1859 1072 1566 1499 1735 1230 1213 1106 1473 1390 1054 1764 1994 1932 1063 1180 1639 1891 1693 1543 1768 1716 1275 1341 1181 1545 1470 1137 1845 1098 1614 1831 1532 1457 1111 1653 1773 1860 1191 1796 1933 1609 1650 1867 1817 1403 1243 1684 1956 1000 1141 1946 1022 1961 1006 1587 BCNSPRNW ULIB Ver.6.0+V

เปลี่ยนเป็นภาษาไทย

Change to English
 แสดงรายละเอียดบรรณานุกรม
  กลับหน้าหลัก

Brief Record : Get Marc (ISO 2709) : E-mail record : QR code < ปิดหน้าต่าง
LEADER : 00000nam 2200000uu 4500
001    13399113464
003     ULIB
008    111121s2553||||th 000 0 tha d
020    ^a9786167017372
090    ^aนว.^bณ111ล 2553
100 0  ^aณ ห้วงรัก
245 00 ^aเล่ห์ร้ายสวาทรัก/^cณ ห้วงรัก
250    ^aพิมพ์ครั้งที่ 1
260    ^aกรุงเทพฯ :^bอักษรศาสตร์,^c2553
300    ^a406 หน้า
710 1  ^aอักษรศาสตร์
945    ^p279^l0^i17050
995    ^aกัณชพร
999    ^aใช้งานได้ทุกระบบ
รายการนี้ยังไม่มีแท็ก
คุณยังไม่ได้ล็อกอิน คุณสามารถมีกิจกรรมร่วมกับเว็บไซต์ได้ แต่ต้องล็อกอินก่อน ::
  ล็อกอิน

รายการสื่อสารสนเทศ

ลำดับที่ ประเภท เลขเรียก/บาร์โค้ด สถานที่ สถานะ
1. นวนิยาย
นวนิยาย
นว. ณ111ล 2553  
  Barcode: 17050
ห้องสมุดวิทยาเขตสวรรค์ประชารักษ์
►นวนิยาย
บนชั้น
  ขอยืม

BibComment


ยังไม่เคยถูกคอมเมนท์

คอมเมนท์ทรัพยากรรายการนี้
  คอมเมนท์: เล่ห์ร้ายสวาทรัก..


 Copyright 2026. Bcnsprnw @Library